Państwa świata według liter alfabetu - Statystyki

Ogólne statystyki
  • Ten quiz został rozwiązany 387 razy
  • Średni wynik to 118 z 196
Statystyki odpowiedzi
Litera Państwo % Poprawnych
A Afganistan
90%
A Albania
84%
A Andora
78%
A Azerbejdżan
75%
A Australia
74%
A Austria
74%
A Algieria
73%
A Angola
73%
A Argentyna
73%
A Armenia
73%
D Dania
73%
F Finlandia
73%
Ł Łotwa
73%
F Francja
72%
A Antigua i Barbuda
71%
C Czechy
71%
F Fidżi
71%
J Japonia
71%
J Jemen
71%
O Oman
71%
A Arabia Saudyjska
70%
H Haiti
70%
I Indonezja
70%
I Irak
70%
J Jordania
70%
H Honduras
69%
I Iran
69%
C Czad
68%
C Czarnogóra
68%
E Egipt
68%
E Estonia
68%
F Filipiny
68%
H Holandia
68%
I Indie
68%
P Polska
68%
B Bahamy
67%
B Bahrajn
67%
E Ekwador
67%
I Irlandia
67%
J Jamajka
67%
L Litwa
67%
B Belize
66%
C Chile
66%
C Chiny
66%
D Dominika
66%
D Dominikana
66%
D Dżibuti
66%
E Erytrea
66%
E Eswatini
66%
H Hiszpania
66%
I Izrael
66%
L Luksemburg
66%
B Belgia
65%
G Gabon
65%
G Gambia
65%
I Islandia
65%
L Liechtenstein
65%
P Pakistan
65%
P Portugalia
65%
Z Zambia
65%
B Bangladesz
64%
E Etiopia
64%
G Gwinea
64%
K Kambodża
64%
L Laos
64%
L Liberia
64%
L Libia
64%
Z Zimbabwe
64%
B Barbados
63%
B Boliwia
63%
B Bośnia i hercegowina
63%
B Botswana
63%
B Bułgaria
63%
C Chorwacja
63%
C Cypr
63%
D Demokratyczna Republika Konga
63%
G Grecja
63%
G Gruzja
63%
G Gwinea bissau
63%
G Gwinea równikowa
63%
M Macedonia Północna
63%
M Malezja
63%
R Rosja
63%
B Białoruś
62%
B Brazylia
62%
G Gwatemala
62%
L Liban
62%
R Rumunia
62%
U Uganda
62%
U Urugwaj
62%
B Burundi
61%
K Kanada
61%
K Kazachstan
61%
M Mali
61%
N Namibia
61%
P Palau
61%
U Uzbekistan
61%
V Vanuatu
61%
Z Zjednoczone Emiraty Arabskie
61%
B Benin
60%
B Bhutan
60%
B Brunei
60%
B Burkina faso
60%
G Grenada
60%
K Kamerun
60%
K Kenia
60%
K Kirgistan
60%
M Madagaskar
60%
M Maroko
60%
N Nauru
60%
P Panama
60%
P Paragwaj
60%
P Peru
60%
R Rwanda
60%
G Gujana
59%
K Korea Północna
59%
K Korea Południowa
59%
K Kosowo
59%
M Malawi
59%
M Malta
59%
N Nigeria
59%
W Watykan
59%
N Niger
58%
K Kiribati
57%
K Kostaryka
57%
K Kuwejt
57%
L Lesotho
57%
M Malediwy
57%
N Nikaragua
57%
N Norwegia
57%
R Republika Południowej Afryki
57%
T Turcja
57%
U Ukraina
57%
G Ghana
56%
M Mauretania
56%
M Monako
56%
N Niemcy
56%
N Nowa Zelandia
56%
P Papua Nowa Gwinea
56%
R Republika Środkowoafrykańska
56%
S Szwajcaria
56%
K Katar
55%
K Komory
55%
K Kongo
55%
M Mongolia
55%
S Słowacja
55%
S Szwecja
55%
T Tadżykistan
55%
T Turkmenistan
55%
K Kolumbia
54%
M Mikronezja
54%
M Mołdawia
54%
M Mozambik
54%
R Republika Zielonego Przylądka
54%
S Saint Lucia
54%
S Słowenia
54%
W Włochy
54%
W Wyspy Marshalla
54%
W Wyspy Salomona
54%
K Kuba
53%
M Mauritius
53%
W Wielka Brytania
53%
S Saint Kitts i Nevis
52%
S Saint Vincent i Grenadyny
52%
S Salwador
52%
S San marino
52%
W Wenezuela
52%
W Wyspy Świetego Tomasza i Książęca
52%
M Meksyk
51%
S Samoa
51%
S Surinam
51%
T Tajlandia
51%
T Tuvalu
51%
W Wietnam
51%
N Nepal
50%
T Togo
50%
W Węgry
50%
S Senegal
49%
S Serbia
49%
S Sudan
49%
S Sudan Południowy
49%
T Tajwan
49%
T Tonga
49%
S Seszele
48%
T Tanzania
48%
T Tunezja
47%
S Singapur
46%
W Wybrzeże Kości Słoniowej
46%
M Mjanma
45%
S Sierra Leone
45%
S Somalia
45%
T Timor Wschodni
45%
T Trynidad i Tobago
45%
S Stany Zjednoczone
44%
S Syria
44%
S Sri Lanka
41%
Nie znaleziono quizów pasujących do podanych kryteriów
Rozkład punktacji
Procent ludzi z każdym wynikiem
Percentyl według liczby udzielonych odpowiedzi
Twoja historia wyników
Nie rozwiązałeś tego quizu